[Event "European Clubs Cup"]
[Site "chess24.com"]
[Date "2018.10.12"]
[Round "1"]
[White "Lampen, Timo"]
[Black "Mamedov, Rauf"]
[Result "0-1"]
[WhiteElo "2332"]
[BlackElo "2699"]
[Annotator ""]
[Source ""]
[Remark ""]

1.Nf3 {[%clk 1:30:53]} g6 {[%clk 1:30:38]} 2.d4 {[%clk 1:31:11]}
Bg7 {[%clk 1:31:03]} 3.g3 {[%clk 1:31:27]} d6 {[%clk 1:29:47]}
4.Bg2 {[%clk 1:31:41]} Nd7 {[%clk 1:30:12]} 5.O-O {[%clk 1:31:20]}
e5 {[%clk 1:30:39]} 6.e4 {[%clk 1:30:33]} Ngf6 {[%clk 1:30:13]}
7.dxe5 {[%clk 1:28:55]} dxe5 {[%clk 1:30:22]} 8.Qe2 {[%clk 1:27:23]}
O-O {[%clk 1:30:23]} 9.b3 {[%clk 1:24:28]} Re8 {[%clk 1:17:38]}
10.Rd1 {[%clk 1:22:10]} b6 {[%clk 1:07:44]} 11.Bb2 {[%clk 1:17:29]}
Qe7 {[%clk 1:07:24]} 12.c4 {[%clk 1:15:38]} c6 {[%clk 1:01:46]}
13.Ba3 {[%clk 1:05:17]} Nc5 {[%clk 0:59:43]} 14.Ne1 {[%clk 1:05:09]}
Nfd7 {[%clk 0:57:22]} 15.Nd3 {[%clk 1:04:01]} Bf8 {[%clk 0:57:39]}
16.Nxc5 {[%clk 0:44:26]} Nxc5 {[%clk 0:58:02]} 17.Nc3 {[%clk 0:44:46]}
Qf6 {[%clk 0:56:29]} 18.Qe3 {[%clk 0:38:27]} Bg4 {[%clk 0:52:46]}
19.f3 {[%clk 0:36:11]} Be6 {[%clk 0:52:32]} 20.Bf1 {[%clk 0:30:43]}
Rad8 {[%clk 0:48:27]} 21.Kg2 {[%clk 0:25:32]} Bc8 {[%clk 0:46:32]}
22.Bb2 {[%clk 0:22:56]} Ne6 {[%clk 0:46:22]} 23.Ne2 {[%clk 0:22:50]}
Bc5 {[%clk 0:46:11]} 24.Qc3 {[%clk 0:22:55]} Ng5 {[%clk 0:46:13]}
25.h4 {[%clk 0:19:33]} Nxf3 {[%clk 0:36:52]} 26.b4 {[%clk 0:12:52]}
Nxh4+ {[%clk 0:37:17]} 27.gxh4 {[%clk 0:13:15]} Qf2+ {[%clk 0:37:43]}
28.Kh1 {[%clk 0:13:40]} Qxh4+ {[%clk 0:37:24]} 29.Kg2 {[%clk 0:14:00]}
Qf2+ {[%clk 0:37:12]} 30.Kh1 {[%clk 0:14:23]} Bg4 {[%clk 0:30:27]}
31.Qg3 {[%clk 0:11:27]} Bf3+ {[%clk 0:30:28]} 32.Bg2 {[%clk 0:10:47]}
Bxe2 {[%clk 0:30:46]} 33.Rxd8 {[%clk 0:09:27]} Rxd8 {[%clk 0:31:12]}
34.Qxe5 {[%clk 0:07:17]} Qh4+ {[%clk 0:31:28]} 0-1

[Event "European Clubs Cup"]
[Site "chess24.com"]
[Date "2018.10.12"]
[Round "1"]
[White "Safarli, Eltaj"]
[Black "Mansner, Harry"]
[Result "1-0"]
[WhiteElo "2676"]
[BlackElo "2278"]
[Annotator ""]
[Source ""]
[Remark ""]

1.e4 {[%clk 1:30:44]} c5 {[%clk 1:30:52]} 2.Nf3 {[%clk 1:31:09]}
d6 {[%clk 1:31:15]} 3.d4 {[%clk 1:29:48]} cxd4 {[%clk 1:31:36]}
4.Nxd4 {[%clk 1:30:14]} Nf6 {[%clk 1:31:55]} 5.Nc3 {[%clk 1:30:40]}
a6 {[%clk 1:32:07]} 6.g3 {[%clk 1:30:24]} e5 {[%clk 1:32:05]}
7.Nf3 {[%clk 1:30:33]} Be7 {[%clk 1:31:44]} 8.Bg2 {[%clk 1:31:00]}
O-O {[%clk 1:31:53]} 9.Nh4 {[%clk 1:29:47]} g6 {[%clk 1:27:19]}
10.Bh6 {[%clk 1:28:36]} Re8 {[%clk 1:27:38]} 11.h3 {[%clk 1:29:03]}
b5 {[%clk 1:25:51]} 12.a3 {[%clk 1:25:05]} Bb7 {[%clk 1:21:38]}
13.Qd2 {[%clk 1:25:24]} Nbd7 {[%clk 1:21:27]} 14.Nf5 {[%clk 1:24:36]}
Nc5 {[%clk 1:16:19]} 15.Nxe7+ {[%clk 1:21:11]} Qxe7 {[%clk 1:16:32]}
16.Bg5 {[%clk 1:14:09]} Qe6 {[%clk 1:06:21]} 17.Qe3 {[%clk 1:13:37]}
Nh5 {[%clk 0:50:02]} 18.Rd1 {[%clk 1:10:53]} f6 {[%clk 0:37:41]}
19.Bh6 {[%clk 1:11:16]} Rac8 {[%clk 0:36:11]} 20.O-O {[%clk 1:09:57]}
Rc7 {[%clk 0:34:41]} 21.Rd2 {[%clk 1:08:17]} Ng7 {[%clk 0:23:38]}
22.Rfd1 {[%clk 1:07:17]} Rd8 {[%clk 0:23:32]} 23.Nd5 {[%clk 1:02:45]}
Bxd5 {[%clk 0:20:17]} 24.Rxd5 {[%clk 1:03:09]} Na4 {[%clk 0:20:31]}
25.Qb3 {[%clk 1:02:03]} Ne8 {[%clk 0:11:02]} 26.Be3 {[%clk 0:58:05]}
Qf7 {[%clk 0:09:03]} 27.c3 {[%clk 0:54:05]} Kg7 {[%clk 0:08:00]}
28.f4 {[%clk 0:53:13]} Rdc8 {[%clk 0:06:21]} 29.Qc2 {[%clk 0:53:13]}
Rb8 {[%clk 0:04:28]} 30.Qf2 {[%clk 0:51:27]} Rcb7 {[%clk 0:04:03]}
31.fxe5 {[%clk 0:50:53]} fxe5 {[%clk 0:03:51]} 32.Qd2 {[%clk 0:50:51]}
h5 {[%clk 0:00:54]} 33.Rd3 {[%clk 0:49:13]} Kh7 {[%clk 0:00:44]}
34.g4 {[%clk 0:47:58]} Nb6 {[%clk 0:00:42]} 35.Rf1 {[%clk 0:47:25]}
Qg8 {[%clk 0:00:32]} 36.Qe2 {[%clk 0:45:52]} Ng7 {[%clk 0:00:31]}
37.Rxd6 {[%clk 0:45:45]} Nc4 {[%clk 0:00:33]} 38.Rxa6 {[%clk 0:46:01]}
 1-0

[Event "European Clubs Cup"]
[Site "chess24.com"]
[Date "2018.10.12"]
[Round "1"]
[White "Verkasalo, Tommi"]
[Black "Guseinov, Gadir"]
[Result "0-1"]
[WhiteElo "2195"]
[BlackElo "2667"]
[Annotator ""]
[Source ""]
[Remark ""]

1.e4 {[%clk 1:30:57]} c5 {[%clk 1:30:53]} 2.Nc3 {[%clk 1:31:22]}
g6 {[%clk 1:30:39]} 3.f4 {[%clk 1:31:44]} Bg7 {[%clk 1:31:06]}
4.Nf3 {[%clk 1:32:10]} Nc6 {[%clk 1:31:19]} 5.Bb5 {[%clk 1:32:30]}
Nd4 {[%clk 1:30:55]} 6.O-O {[%clk 1:32:46]} a6 {[%clk 1:31:14]}
7.Bd3 {[%clk 1:33:04]} d6 {[%clk 1:31:12]} 8.Nxd4 {[%clk 1:31:28]}
cxd4 {[%clk 1:31:30]} 9.Ne2 {[%clk 1:31:41]} Nf6 {[%clk 1:31:53]}
10.c3 {[%clk 1:26:49]} dxc3 {[%clk 1:31:41]} 11.dxc3 {[%clk 1:24:29]}
O-O {[%clk 1:32:03]} 12.Kh1 {[%clk 1:22:52]} b5 {[%clk 1:31:28]}
13.Nd4 {[%clk 1:13:30]} Bb7 {[%clk 1:31:46]} 14.Qe2 {[%clk 1:12:06]}
Nd7 {[%clk 1:31:51]} 15.Nb3 {[%clk 1:08:30]} Nb6 {[%clk 1:18:13]}
16.Na5 {[%clk 1:06:50]} Bc8 {[%clk 1:14:58]} 17.e5 {[%clk 1:01:39]}
dxe5 {[%clk 0:58:47]} 18.Be4 {[%clk 1:00:17]} Be6 {[%clk 0:59:10]}
19.Bxa8 {[%clk 0:57:27]} Qxa8 {[%clk 0:59:33]} 20.fxe5 {[%clk 0:57:03]}
Nc4 {[%clk 0:59:52]} 21.Nb3 {[%clk 0:53:22]} Nxe5 {[%clk 1:00:10]}
22.Na5 {[%clk 0:45:29]} Qd8 {[%clk 0:38:35]} 23.b4 {[%clk 0:37:42]}
Qc7 {[%clk 0:29:00]} 24.Bg5 {[%clk 0:27:10]} h6 {[%clk 0:16:02]}
25.Bh4 {[%clk 0:26:43]} g5 {[%clk 0:08:38]} 26.Bg3 {[%clk 0:26:51]}
Qxc3 {[%clk 0:08:50]} 27.Rac1 {[%clk 0:17:40]} Qd3 {[%clk 0:08:35]}
28.Qe1 {[%clk 0:16:57]} Ng6 {[%clk 0:05:46]} 29.Rc6 {[%clk 0:13:26]}
h5 {[%clk 0:05:34]} 30.Rf3 {[%clk 0:12:30]} Qd5 {[%clk 0:05:38]}
31.Rc5 {[%clk 0:12:30]} Qxa2 {[%clk 0:05:47]} 32.Rxg5 {[%clk 0:12:39]}
h4 {[%clk 0:06:07]} 33.Bc7 {[%clk 0:06:10]} Rc8 {[%clk 0:05:18]}
34.Rf2 {[%clk 0:05:46]} Qa1 {[%clk 0:05:17]} 35.Qxa1 {[%clk 0:05:36]}
Bxa1 {[%clk 0:05:45]} 36.Bf4 {[%clk 0:04:42]} Bf6 {[%clk 0:01:39]}
37.Rc5 {[%clk 0:04:46]} Rxc5 {[%clk 0:02:00]} 38.bxc5 {[%clk 0:05:15]}
Bd4 {[%clk 0:02:26]} 39.Rf1 {[%clk 0:04:23]} h3 {[%clk 0:01:30]}
40.c6 {[%clk 0:30:40]} Bd5 {[%clk 0:31:25]} 41.Rf3 {[%clk 0:28:35]}
Nxf4 {[%clk 0:31:47]} 0-1

[Event "European Clubs Cup"]
[Site "chess24.com"]
[Date "2018.10.12"]
[Round "1"]
[White "Durarbayli, Vasif"]
[Black "Kosmo, Santul"]
[Result "1-0"]
[WhiteElo "2629"]
[BlackElo "2186"]
[Annotator ""]
[Source ""]
[Remark ""]

1.d4 {[%clk 1:30:43]} Nf6 {[%clk 1:30:30]} 2.c4 {[%clk 1:31:06]}
c5 {[%clk 1:30:35]} 3.d5 {[%clk 1:31:25]} e6 {[%clk 1:30:56]}
4.Nc3 {[%clk 1:31:52]} exd5 {[%clk 1:31:22]} 5.cxd5 {[%clk 1:32:18]}
d6 {[%clk 1:31:46]} 6.e4 {[%clk 1:32:43]} g6 {[%clk 1:32:13]}
7.Bf4 {[%clk 1:33:08]} a6 {[%clk 1:29:27]} 8.Nf3 {[%clk 1:30:53]}
b5 {[%clk 1:29:23]} 9.Be2 {[%clk 1:31:16]} Bg7 {[%clk 1:19:04]}
10.e5 {[%clk 1:31:36]} Nh5 {[%clk 1:07:57]} 11.Be3 {[%clk 1:28:33]}
O-O {[%clk 1:07:56]} 12.exd6 {[%clk 1:25:59]} Qxd6 {[%clk 0:57:14]}
13.Ne4 {[%clk 1:23:16]} Qe7 {[%clk 0:48:14]} 14.Nxc5 {[%clk 1:23:32]}
Bxb2 {[%clk 0:48:01]} 15.d6 {[%clk 1:23:29]} Qf6 {[%clk 0:44:57]}
16.Rb1 {[%clk 1:16:52]} Bc3+ {[%clk 0:30:56]} 17.Kf1 {[%clk 1:16:55]}
Bf5 {[%clk 0:30:01]} 18.Rb3 {[%clk 1:16:36]} Nd7 {[%clk 0:28:09]}
19.Nd4 {[%clk 1:06:04]} Nxc5 {[%clk 0:20:44]} 20.Rxc3 {[%clk 0:58:18]}
Ne4 {[%clk 0:20:00]} 21.Rc6 {[%clk 0:53:48]} Bd7 {[%clk 0:18:37]}
22.Bxh5 {[%clk 0:51:53]} gxh5 {[%clk 0:13:15]} 23.Rb6 {[%clk 0:48:41]}
Rfb8 {[%clk 0:08:28]} 24.Rxb8+ {[%clk 0:46:11]} Rxb8 {[%clk 0:08:57]}
25.Qxh5 {[%clk 0:46:26]} Nxd6 {[%clk 0:05:41]} 26.Ke2 {[%clk 0:44:24]}
Nc4 {[%clk 0:02:44]} 27.Qg5+ {[%clk 0:43:49]} Qg6 {[%clk 0:02:34]}
28.Qxg6+ {[%clk 0:40:18]} hxg6 {[%clk 0:02:50]} 29.Bf4 {[%clk 0:39:11]}
Re8+ {[%clk 0:00:58]} 30.Kd3 {[%clk 0:39:12]} f6 {[%clk 0:00:56]}
31.h4 {[%clk 0:39:23]} Kf7 {[%clk 0:00:43]} 32.f3 {[%clk 0:39:18]}
Rd8 {[%clk 0:00:37]} 33.Re1 {[%clk 0:37:14]} Re8 {[%clk 0:00:46]}
34.Rxe8 {[%clk 0:35:15]} Bxe8 {[%clk 0:00:55]} 35.Nb3 {[%clk 0:35:18]}
a5 {[%clk 0:00:39]} 36.Kd4 {[%clk 0:35:08]} a4 {[%clk 0:00:56]}
37.Nc5 {[%clk 0:35:04]} Nb6 {[%clk 0:00:54]} 38.Ne4 {[%clk 0:35:46]}
Ke6 {[%clk 0:00:55]} 39.Kc5 {[%clk 1:06:01]} Nd5 {[%clk 0:30:40]}
40.Bd2 {[%clk 1:06:24]} Bd7 {[%clk 0:30:37]} 41.g4 {[%clk 1:03:02]}
b4 {[%clk 0:03:53]} 42.Bxb4 {[%clk 1:01:06]} Be8 {[%clk 0:00:34]}
43.Bd2 {[%clk 1:01:09]} f5 {[%clk 0:00:38]} 44.Ng5+ {[%clk 1:01:17]}
Ke5 {[%clk 0:00:56]} 45.f4+ {[%clk 1:01:41]} Kf6 {[%clk 0:00:31]}
46.Kxd5 {[%clk 1:01:56]} fxg4 {[%clk 0:00:41]} 47.Ne4+ {[%clk 1:02:21]}
Ke7 {[%clk 0:00:45]} 48.a3 {[%clk 1:02:44]} Bd7 {[%clk 0:00:32]}
49.Ke5 {[%clk 1:03:07]} Bf5 {[%clk 0:00:44]} 50.Bb4+ {[%clk 1:03:24]}
Kd8 {[%clk 0:00:48]} 51.Ng3 {[%clk 1:03:50]} 1-0

[Event "European Clubs Cup"]
[Site "chess24.com"]
[Date "2018.10.12"]
[Round "1"]
[White "Kelo, Kauko"]
[Black "Abasov, Nijat"]
[Result "0-1"]
[WhiteElo "1592"]
[BlackElo "2627"]
[Annotator ""]
[Source ""]
[Remark ""]

1.d4 {[%clk 1:30:56]} Nf6 {[%clk 1:30:53]} 2.c4 {[%clk 1:31:14]}
e5 {[%clk 1:30:48]} 3.d5 {[%clk 1:30:35]} Bc5 {[%clk 1:31:12]}
4.Nc3 {[%clk 1:30:23]} d6 {[%clk 1:31:25]} 5.e4 {[%clk 1:29:34]}
O-O {[%clk 1:29:29]} 6.Bd3 {[%clk 1:28:30]} Ng4 {[%clk 1:29:31]}
7.Nh3 {[%clk 1:26:47]} Qh4 {[%clk 1:29:52]} 8.O-O {[%clk 1:17:55]}
h6 {[%clk 1:29:27]} 9.Rb1 {[%clk 1:14:00]} Na6 {[%clk 1:28:25]}
10.a3 {[%clk 1:13:54]} f5 {[%clk 1:25:46]} 11.exf5 {[%clk 1:11:46]}
Bxf5 {[%clk 1:26:07]} 12.Bxf5 {[%clk 1:11:54]} Rxf5 {[%clk 1:26:30]}
13.Ne4 {[%clk 1:11:32]} Bd4 {[%clk 1:26:44]} 14.b4 {[%clk 1:10:35]}
Nxh2 {[%clk 1:26:15]} 15.Nxd6 {[%clk 1:04:59]} Nf3+ {[%clk 1:26:22]}
16.gxf3 {[%clk 1:02:52]} Qg3+ {[%clk 1:26:45]} 17.Kh1 {[%clk 1:03:05]}
Qxh3+ {[%clk 1:27:07]} 18.Kg1 {[%clk 1:03:25]} Qg3+ {[%clk 1:27:32]} 0-1

[Event "European Clubs Cup"]
[Site "chess24.com"]
[Date "2018.10.12"]
[Round "1"]
[White "Petenyi, Tamas"]
[Black "Virtanen, Antti"]
[Result "0-1"]
[WhiteElo "2444"]
[BlackElo "2262"]
[Annotator ""]
[Source ""]
[Remark ""]

1.c4 {[%clk 1:30:54]} g6 {[%clk 1:30:41]} 2.Nc3 {[%clk 1:31:18]}
Bg7 {[%clk 1:30:47]} 3.g3 {[%clk 1:31:42]} c5 {[%clk 1:31:07]}
4.Bg2 {[%clk 1:32:07]} Nc6 {[%clk 1:31:28]} 5.e3 {[%clk 1:32:26]}
e6 {[%clk 1:31:14]} 6.Nge2 {[%clk 1:32:42]} Nge7 {[%clk 1:31:37]}
7.O-O {[%clk 1:33:01]} O-O {[%clk 1:31:43]} 8.a3 {[%clk 1:32:59]}
d5 {[%clk 1:28:59]} 9.cxd5 {[%clk 1:32:16]} exd5 {[%clk 1:29:08]}
10.Nf4 {[%clk 1:30:04]} d4 {[%clk 1:28:05]} 11.Ne4 {[%clk 1:29:10]}
b6 {[%clk 1:27:24]} 12.Rb1 {[%clk 1:19:59]} Bb7 {[%clk 1:17:12]}
13.b4 {[%clk 1:18:00]} cxb4 {[%clk 1:11:50]} 14.axb4 {[%clk 1:18:11]}
Nf5 {[%clk 1:08:59]} 15.Qb3 {[%clk 1:13:33]} Re8 {[%clk 1:04:56]}
16.h4 {[%clk 1:12:20]} dxe3 {[%clk 0:55:03]} 17.dxe3 {[%clk 1:05:17]}
Ncd4 {[%clk 0:55:10]} 18.Qd3 {[%clk 1:02:46]} Qe7 {[%clk 0:47:31]}
19.Ng5 {[%clk 0:59:35]} Bxg2 {[%clk 0:47:26]} 20.Nxg2 {[%clk 0:54:22]}
Nc6 {[%clk 0:42:05]} 21.Qb3 {[%clk 0:51:58]} Ne5 {[%clk 0:39:40]}
22.Bb2 {[%clk 0:50:30]} h6 {[%clk 0:35:29]} 23.Bxe5 {[%clk 0:50:48]}
Bxe5 {[%clk 0:35:53]} 24.Nf3 {[%clk 0:50:43]} Bg7 {[%clk 0:36:11]}
25.Nf4 {[%clk 0:49:15]} a5 {[%clk 0:34:41]} 26.bxa5 {[%clk 0:46:57]}
bxa5 {[%clk 0:31:57]} 27.Nxg6 {[%clk 0:44:43]} Qe4 {[%clk 0:25:23]}
28.Nd2 {[%clk 0:42:20]} Qg4 {[%clk 0:25:10]} 29.Nf4 {[%clk 0:42:36]}
Rad8 {[%clk 0:19:48]} 30.Nc4 {[%clk 0:40:54]} Nxh4 {[%clk 0:18:24]}
31.Rfd1 {[%clk 0:40:46]} Nf3+ {[%clk 0:11:33]} 32.Kf1 {[%clk 0:41:04]}
Ng5 {[%clk 0:11:21]} 33.Rxd8 {[%clk 0:37:21]} Rxd8 {[%clk 0:11:45]}
34.Qb7 {[%clk 0:35:32]} a4 {[%clk 0:10:03]} 35.Kg2 {[%clk 0:34:47]}
Qc8 {[%clk 0:08:21]} 36.Qxc8 {[%clk 0:28:30]} Rxc8 {[%clk 0:08:44]}
37.Rb4 {[%clk 0:28:54]} Ra8 {[%clk 0:05:36]} 38.Nb6 {[%clk 0:29:06]}
Rb8 {[%clk 0:05:57]} 39.Nfd5 {[%clk 0:29:29]} a3 {[%clk 0:05:30]}
40.Ra4 {[%clk 0:59:50]} Bb2 {[%clk 0:35:08]} 41.Nc4 {[%clk 0:58:37]}
Rb3 {[%clk 0:33:01]} 42.Ne7+ {[%clk 0:55:44]} Kg7 {[%clk 0:27:24]}
43.Nf5+ {[%clk 0:55:46]} Kg6 {[%clk 0:27:18]} 44.Ne7+ {[%clk 0:53:10]}
Kf6 {[%clk 0:27:11]} 45.Ra7 {[%clk 0:52:23]} Ne4 {[%clk 0:26:46]}
46.Nd5+ {[%clk 0:51:37]} Ke6 {[%clk 0:25:07]} 47.Nf4+ {[%clk 0:51:12]}
Kf6 {[%clk 0:25:29]} 48.Ra6+ {[%clk 0:50:30]} Kg7 {[%clk 0:25:07]}
49.Kf3 {[%clk 0:48:18]} Nc3 {[%clk 0:25:00]} 50.Ne2 {[%clk 0:48:34]}
Nd5 {[%clk 0:22:31]} 51.Nd6 {[%clk 0:38:46]} Rb6 {[%clk 0:21:51]}
52.Ne8+ {[%clk 0:38:27]} Kf8 {[%clk 0:21:52]} 53.Ra8 {[%clk 0:38:22]}
Ke7 {[%clk 0:21:55]} 54.Ke4 {[%clk 0:35:37]} Nb4 {[%clk 0:21:52]}
55.Nc7 {[%clk 0:35:52]} Kd6 {[%clk 0:18:01]} 56.Ra7 {[%clk 0:31:47]}
a2 {[%clk 0:16:18]} 57.Nd4 {[%clk 0:30:00]} Bxd4 {[%clk 0:14:37]}
58.exd4 {[%clk 0:30:18]} Ra6 {[%clk 0:14:22]} 59.Ne8+ {[%clk 0:29:28]}
Kc6 {[%clk 0:14:27]} 60.d5+ {[%clk 0:29:19]} Kb6 {[%clk 0:14:36]} 0-1

[Event "European Clubs Cup"]
[Site "chess24.com"]
[Date "2018.10.12"]
[Round "1"]
[White "Pulkkinen, Kari"]
[Black "Nemeth, Miklos"]
[Result "1/2-1/2"]
[WhiteElo "2239"]
[BlackElo "2474"]
[Annotator ""]
[Source ""]
[Remark ""]

1.e4 {[%clk 1:30:56]} e5 {[%clk 1:30:53]} 2.Nf3 {[%clk 1:31:12]}
Nc6 {[%clk 1:31:18]} 3.Bb5 {[%clk 1:31:25]} a6 {[%clk 1:31:43]}
4.Ba4 {[%clk 1:31:44]} Nf6 {[%clk 1:32:09]} 5.O-O {[%clk 1:31:55]}
Be7 {[%clk 1:31:30]} 6.Re1 {[%clk 1:31:58]} b5 {[%clk 1:31:02]}
7.Bb3 {[%clk 1:32:20]} d6 {[%clk 1:31:25]} 8.c3 {[%clk 1:32:21]}
O-O {[%clk 1:31:36]} 9.h3 {[%clk 1:32:09]} Nb8 {[%clk 1:28:58]}
10.d4 {[%clk 1:30:53]} Nbd7 {[%clk 1:29:21]} 11.Nbd2 {[%clk 1:30:01]}
Bb7 {[%clk 1:28:57]} 12.Bc2 {[%clk 1:29:37]} Re8 {[%clk 1:27:58]}
13.Nf1 {[%clk 1:29:51]} Bf8 {[%clk 1:26:52]} 14.Ng3 {[%clk 1:29:39]}
g6 {[%clk 1:25:35]} 15.a4 {[%clk 1:27:41]} Bg7 {[%clk 1:21:32]}
16.d5 {[%clk 1:22:32]} Qb8 {[%clk 1:15:54]} 17.b3 {[%clk 1:20:21]}
c6 {[%clk 1:14:01]} 18.c4 {[%clk 1:17:18]} bxc4 {[%clk 1:11:41]}
19.bxc4 {[%clk 1:17:39]} Qc7 {[%clk 1:11:48]} 20.Ba3 {[%clk 1:13:08]}
Bf8 {[%clk 1:07:40]} 21.a5 {[%clk 1:06:25]} Rec8 {[%clk 1:03:05]}
22.Re2 {[%clk 1:03:42]} cxd5 {[%clk 0:51:00]} 23.cxd5 {[%clk 1:03:36]}
Nc5 {[%clk 0:51:19]} 24.Qd2 {[%clk 0:59:21]} Rab8 {[%clk 0:49:40]}
25.Rb1 {[%clk 0:51:10]} Ba8 {[%clk 0:48:50]} 26.Ree1 {[%clk 0:50:37]}
Nfd7 {[%clk 0:42:56]} 27.Nh2 {[%clk 0:44:24]} Qd8 {[%clk 0:36:02]}
28.Ng4 {[%clk 0:41:25]} h5 {[%clk 0:24:04]} 29.Ne3 {[%clk 0:39:27]}
Rxb1 {[%clk 0:19:20]} 30.Rxb1 {[%clk 0:39:25]} Nf6 {[%clk 0:19:29]}
31.Qb4 {[%clk 0:34:16]} Be7 {[%clk 0:11:49]} 32.Ngf1 {[%clk 0:28:05]}
Nfd7 {[%clk 0:09:16]} 33.Nc4 {[%clk 0:25:58]} Rb8 {[%clk 0:08:11]}
34.Qe1 {[%clk 0:19:55]} 1/2-1/2

[Event "European Clubs Cup"]
[Site "chess24.com"]
[Date "2018.10.12"]
[Round "1"]
[White "Bokros, Albert"]
[Black "Issakainen, Ari"]
[Result "1-0"]
[WhiteElo "2465"]
[BlackElo "2185"]
[Annotator ""]
[Source ""]
[Remark ""]

1.e4 {[%clk 1:30:56]} c5 {[%clk 1:30:49]} 2.Nf3 {[%clk 1:31:19]}
e6 {[%clk 1:31:09]} 3.d3 {[%clk 1:31:25]} d5 {[%clk 1:29:56]}
4.Qe2 {[%clk 1:31:42]} Be7 {[%clk 1:27:55]} 5.g3 {[%clk 1:32:05]}
Nf6 {[%clk 1:27:57]} 6.Bg2 {[%clk 1:32:30]} Nc6 {[%clk 1:28:00]}
7.O-O {[%clk 1:32:54]} O-O {[%clk 1:28:24]} 8.e5 {[%clk 1:33:08]}
Nd7 {[%clk 1:27:37]} 9.c4 {[%clk 1:33:32]} Nb6 {[%clk 1:22:55]}
10.b3 {[%clk 1:32:27]} Bd7 {[%clk 1:16:50]} 11.Bb2 {[%clk 1:29:08]}
Rc8 {[%clk 1:10:17]} 12.Re1 {[%clk 1:25:42]} Nb4 {[%clk 1:03:35]}
13.a3 {[%clk 1:21:27]} Nc6 {[%clk 1:00:02]} 14.Nbd2 {[%clk 1:20:19]}
a5 {[%clk 0:58:34]} 15.a4 {[%clk 1:18:38]} Nb4 {[%clk 0:58:40]}
16.Rad1 {[%clk 1:16:47]} Bc6 {[%clk 0:56:53]} 17.Nf1 {[%clk 1:08:17]}
Qc7 {[%clk 0:53:07]} 18.Ne3 {[%clk 1:06:16]} Rfd8 {[%clk 0:47:46]}
19.Ng4 {[%clk 1:04:19]} Nd7 {[%clk 0:40:43]} 20.h4 {[%clk 1:01:19]}
b6 {[%clk 0:37:26]} 21.Ng5 {[%clk 0:55:36]} h6 {[%clk 0:33:31]}
22.cxd5 {[%clk 0:47:00]} Bxd5 {[%clk 0:28:03]} 23.Bxd5 {[%clk 0:43:14]}
Nxd5 {[%clk 0:27:33]} 24.Nxf7 {[%clk 0:36:03]} Kxf7 {[%clk 0:18:35]}
25.Nxh6+ {[%clk 0:36:22]} gxh6 {[%clk 0:18:30]} 26.Qh5+ {[%clk 0:36:28]}
Kg7 {[%clk 0:18:24]} 27.Re4 {[%clk 0:36:21]} Rh8 {[%clk 0:11:38]}
28.Rg4+ {[%clk 0:34:58]} Kf8 {[%clk 0:11:19]} 29.Qg6 {[%clk 0:35:12]}
Bg5 {[%clk 0:10:46]} 30.Qxe6 {[%clk 0:26:51]} Qc6 {[%clk 0:09:16]}
31.Qf5+ {[%clk 0:24:18]} Ke7 {[%clk 0:09:30]} 32.hxg5 {[%clk 0:23:56]}
Rcf8 {[%clk 0:07:41]} 33.Qe4 {[%clk 0:24:09]} hxg5 {[%clk 0:06:13]}
34.Bc1 {[%clk 0:22:06]} Qe6 {[%clk 0:04:55]} 35.Bxg5+ {[%clk 0:21:08]}
Ke8 {[%clk 0:05:09]} 36.Re1 {[%clk 0:17:53]} Rf5 {[%clk 0:03:45]}
37.f4 {[%clk 0:17:58]} Rff8 {[%clk 0:02:55]} 38.Rh4 {[%clk 0:17:47]}
Rxh4 {[%clk 0:02:38]} 39.Bxh4 {[%clk 0:18:10]} Nxf4 {[%clk 0:01:56]}
40.Qa8+ {[%clk 0:47:51]} Nb8 {[%clk 0:30:37]} 41.Qxb8+ {[%clk 0:47:30]}
Kf7 {[%clk 0:30:16]} 42.Qb7+ {[%clk 0:47:16]} Kg8 {[%clk 0:27:11]}
43.gxf4 {[%clk 0:46:09]} Rxf4 {[%clk 0:27:34]} 44.Bg3 {[%clk 0:45:53]}
Rg4 {[%clk 0:27:42]} 45.Qf3 {[%clk 0:45:40]} Rg7 {[%clk 0:27:56]}
46.Kg2 {[%clk 0:44:53]} Rf7 {[%clk 0:27:34]} 47.Qa8+ {[%clk 0:44:45]}
Rf8 {[%clk 0:27:06]} 48.Qe4 {[%clk 0:44:40]} Kg7 {[%clk 0:24:32]}
49.Rh1 {[%clk 0:43:40]} Qxb3 {[%clk 0:23:41]} 50.Qh7# {[%clk 0:43:59]}
 1-0

[Event "European Clubs Cup"]
[Site "chess24.com"]
[Date "2018.10.12"]
[Round "1"]
[White "Halmeenmaki, Tuomo"]
[Black "Varga, Zoltan"]
[Result "0-1"]
[WhiteElo "2177"]
[BlackElo "2448"]
[Annotator ""]
[Source ""]
[Remark ""]

1.Nf3 {[%clk 1:30:56]} d5 {[%clk 1:30:54]} 2.g3 {[%clk 1:31:20]}
c5 {[%clk 1:31:15]} 3.Bg2 {[%clk 1:31:43]} Nc6 {[%clk 1:31:41]}
4.O-O {[%clk 1:32:04]} e5 {[%clk 1:31:53]} 5.d3 {[%clk 1:32:25]}
Nf6 {[%clk 1:32:03]} 6.Nbd2 {[%clk 1:32:37]} Be7 {[%clk 1:32:24]}
7.e4 {[%clk 1:32:30]} O-O {[%clk 1:32:47]} 8.Re1 {[%clk 1:29:00]}
d4 {[%clk 1:30:34]} 9.Nc4 {[%clk 1:29:10]} Qc7 {[%clk 1:30:53]}
10.a4 {[%clk 1:29:28]} Re8 {[%clk 1:30:24]} 11.Nh4 {[%clk 1:11:56]}
Bg4 {[%clk 1:28:28]} 12.Bf3 {[%clk 1:08:32]} Be6 {[%clk 1:27:20]}
13.b3 {[%clk 1:07:10]} a6 {[%clk 1:19:25]} 14.Nf5 {[%clk 1:03:04]}
Bf8 {[%clk 1:18:45]} 15.Bg5 {[%clk 0:40:18]} Nd7 {[%clk 1:18:40]}
16.Bg4 {[%clk 0:36:00]} b5 {[%clk 1:18:44]} 17.Nb2 {[%clk 0:35:34]}
Nb6 {[%clk 1:14:03]} 18.Nh4 {[%clk 0:34:50]} Qd7 {[%clk 1:13:01]}
19.Bxe6 {[%clk 0:29:56]} Qxe6 {[%clk 1:13:05]} 20.a5 {[%clk 0:29:38]}
Nc8 {[%clk 1:13:07]} 21.f4 {[%clk 0:29:02]} f6 {[%clk 0:55:21]}
22.f5 {[%clk 0:29:21]} Qf7 {[%clk 0:55:49]} 23.Bd2 {[%clk 0:29:32]}
Nd6 {[%clk 0:56:18]} 24.Qe2 {[%clk 0:28:53]} Be7 {[%clk 0:53:56]}
25.g4 {[%clk 0:27:14]} Nb4 {[%clk 0:45:49]} 26.Bxb4 {[%clk 0:18:50]}
cxb4 {[%clk 0:46:14]} 27.Nf3 {[%clk 0:19:09]} Rac8 {[%clk 0:45:37]}
28.h4 {[%clk 0:18:30]} Rc5 {[%clk 0:43:19]} 29.Qg2 {[%clk 0:18:14]}
Rec8 {[%clk 0:43:45]} 30.Re2 {[%clk 0:18:35]} Bd8 {[%clk 0:43:40]}
31.g5 {[%clk 0:06:33]} Qc7 {[%clk 0:43:40]} 32.Ne1 {[%clk 0:06:47]}
Nb7 {[%clk 0:32:44]} 33.Nd1 {[%clk 0:07:05]} Nxa5 {[%clk 0:33:10]}
34.Nf2 {[%clk 0:06:54]} Qb6 {[%clk 0:33:36]} 35.Ng4 {[%clk 0:05:52]}
Nb7 {[%clk 0:18:20]} 36.Nh6+ {[%clk 0:05:58]} Kf8 {[%clk 0:17:36]}
37.g6 {[%clk 0:06:08]} hxg6 {[%clk 0:16:20]} 38.Qxg6 {[%clk 0:06:25]}
gxh6 {[%clk 0:15:34]} 39.Rg2 {[%clk 0:06:43]} Ke7 {[%clk 0:16:03]}
40.Qg8 {[%clk 0:34:41]} Kd7 {[%clk 0:44:55]} 41.Rg7+ {[%clk 0:15:45]}
Be7 {[%clk 0:45:12]} 42.Qh7 {[%clk 0:15:38]} Re8 {[%clk 0:45:14]}
43.Qxh6 {[%clk 0:15:50]} Qc6 {[%clk 0:23:11]} 44.Qg6 {[%clk 0:11:19]}
Kd8 {[%clk 0:23:33]} 45.h5 {[%clk 0:10:57]} a5 {[%clk 0:24:01]}
46.h6 {[%clk 0:10:35]} Bf8 {[%clk 0:24:27]} 47.h7 {[%clk 0:07:20]}
Bxg7 {[%clk 0:23:11]} 48.Qxg7 {[%clk 0:07:47]} Kc8 {[%clk 0:22:21]}
49.h8Q {[%clk 0:07:30]} Rxh8 {[%clk 0:22:49]} 50.Qxh8+ {[%clk 0:07:50]}
Kc7 {[%clk 0:23:06]} 51.Ra2 {[%clk 0:03:44]} Kb6 {[%clk 0:22:32]}
52.Qf8 {[%clk 0:02:39]} Qd6 {[%clk 0:20:32]} 53.Qa8 {[%clk 0:02:40]}
Qc7 {[%clk 0:18:43]} 54.Qf8 {[%clk 0:02:59]} Qd8 {[%clk 0:18:26]}
55.Qf7 {[%clk 0:02:52]} Rc7 {[%clk 0:18:26]} 56.Qe6+ {[%clk 0:03:03]}
Rc6 {[%clk 0:17:20]} 57.Qf7 {[%clk 0:03:28]} Rc7 {[%clk 0:13:55]}
58.Qe6+ {[%clk 0:03:53]} Rc6 {[%clk 0:12:43]} 59.Qf7 {[%clk 0:03:40]}
Nc5 {[%clk 0:11:09]} 60.Kf1 {[%clk 0:01:31]} Rc7 {[%clk 0:11:16]}
61.Qg6 {[%clk 0:01:55]} Qh8 {[%clk 0:06:33]} 62.Nf3 {[%clk 0:01:49]}
Rh7 {[%clk 0:06:47]} 63.Ke2 {[%clk 0:01:33]} a4 {[%clk 0:06:22]}
64.Ra1 {[%clk 0:01:11]} axb3 {[%clk 0:04:17]} 65.cxb3 {[%clk 0:01:39]}
Nxb3 {[%clk 0:04:45]} 66.Rb1 {[%clk 0:01:07]} Rh2+ {[%clk 0:03:23]}
67.Kd1 {[%clk 0:00:51]} Rh1+ {[%clk 0:03:17]} 68.Ne1 {[%clk 0:00:46]}
Nc5 {[%clk 0:03:25]} 69.Qf7 {[%clk 0:00:43]} Qh4 {[%clk 0:03:07]} 0-1